[Event "Liga Madrileña - DH 2014-2015"]
[Site "Madrid ESP"]
[Date "2015.01.24"]
[Round "7.26"]
[White "Unciti Juan, Javier"]
[Black "Gutierrez Castillo, Oscar"]
[Result "0-1"]
[WhiteElo "2110"]
[BlackElo "2165"]
[PlyCount "70"]
[EventDate "2014.11.23"]
[EventType "team-tourn"]
[EventRounds "14"]
[EventCountry "ESP"]
[Source "lmi"]
[SourceDate "2014.11.23"]
[WhiteTeam "La Casa del Ajedrez"]
[BlackTeam "64 Villalba"]
[WhiteTeamCountry "ESP"]
[BlackTeamCountry "ESP"]

1. e4 d5 2. exd5 Nf6 3. d4 Bg4 4. Nf3 Qxd5 5. Be2 Nc6 6. c4 Qh5 7. Be3 O-O-O 8.
Nbd2 e5 9. d5 Nd4 10. Nxd4 exd4 11. Bxg4+ Nxg4 12. Bxd4 Re8+ 13. Kf1 Qg6 14.
Qf3 Bb4 15. Nb3 Ne5 16. Bxe5 Rxe5 17. a3 Bd6 18. c5 Rf5 19. Qe2 Bf4 20. Rd1 Rd8
21. g3 Be5 22. c6 bxc6 23. Qa6+ Kd7 24. dxc6+ Ke7 25. Rxd8 Kxd8 26. Qd3+ Bd6
27. Qc2 Qg4 28. h3 Qf3 29. Rg1 Rd5 30. Nd2 Qh5 31. Kg2 Bxg3 32. Kxg3 Qg5+ 33.
Kh2 Qf4+ 34. Kh1 Rxd2 35. Qc5 Qf3+ 0-1

[Event "Liga Madrileña - DH 2014-2015"]
[Site "Madrid ESP"]
[Date "2015.01.24"]
[Round "7.31"]
[White "Taboas Rodriguez, Daniel"]
[Black "Solaesa Navalpotro, Luis Julio"]
[Result "1/2-1/2"]
[WhiteElo "2399"]
[BlackElo "2251"]
[PlyCount "119"]
[EventDate "2014.11.23"]
[EventType "team-tourn"]
[EventRounds "14"]
[EventCountry "ESP"]
[Source "lmi"]
[SourceDate "2014.11.23"]
[WhiteTeam "Blanco y Negro"]
[BlackTeam "Moratalaz"]
[WhiteTeamCountry "ESP"]
[BlackTeamCountry "ESP"]

1. d4 Nf6 2. c4 e6 3. Nc3 Bb4 4. e3 O-O 5. Bd3 d5 6. Nf3 dxc4 7. Bxc4 c5 8. O-O
cxd4 9. exd4 Nbd7 10. Qe2 Nb6 11. Bd3 Nbd5 12. Ne4 Be7 13. a3 Bd7 14. Re1 Bc6
15. Ne5 Qb6 16. Nc5 a5 17. Be3 Nxe3 18. Qxe3 Rad8 19. Nc4 Qc7 20. Rac1 Bxc5 21.
dxc5 Ng4 22. Qh3 Rxd3 23. Qxg4 a4 24. Red1 Rxd1+ 25. Rxd1 Bd5 26. Qd4 Qc6 27.
Ne3 Rd8 28. h4 h6 29. Qb4 Rc8 30. Nxd5 exd5 31. Rd4 Qxc5 32. Qxc5 Rxc5 33. Rxa4
Kf8 34. Rb4 b5 35. Kf1 Ke7 36. Ke2 Kd6 37. Kd3 g5 38. b3 Kc6 39. hxg5 hxg5 40.
Rg4 f6 41. f4 Rc1 42. fxg5 fxg5 43. Rxg5 Rd1+ 44. Kc3 d4+ 45. Kb4 Rc1 46. Rg8
Kd5 47. Kxb5 d3 48. a4 Kd4 49. Rd8+ Ke3 50. a5 Rb1 51. a6 Rxb3+ 52. Kc6 Ra3 53.
Kb7 Rb3+ 54. Kc7 Ra3 55. Kb7 Rb3+ 56. Ka8 d2 57. a7 Ke2 58. g4 d1=Q 59. Rxd1
Kxd1 60. g5 1/2-1/2

[Event "Liga Madrileña - DH 2014-2015"]
[Site "Madrid ESP"]
[Date "2015.01.24"]
[Round "7.32"]
[White "Fraga Castro, Jose Carlos"]
[Black "Bolado Saez, Sergio"]
[Result "1-0"]
[WhiteElo "2174"]
[BlackElo "2358"]
[PlyCount "139"]
[EventDate "2014.11.23"]
[EventType "team-tourn"]
[EventRounds "14"]
[EventCountry "ESP"]
[Source "lmi"]
[SourceDate "2014.11.23"]
[WhiteTeam "Moratalaz"]
[BlackTeam "Blanco y Negro"]
[WhiteTeamCountry "ESP"]
[BlackTeamCountry "ESP"]

1. d4 Nf6 2. Nf3 e6 3. Bf4 c5 4. c4 cxd4 5. Qxd4 Nc6 6. Qd3 d5 7. e3 Qa5+ 8.
Nbd2 Bb4 9. a3 e5 10. cxd5 exf4 11. dxc6 O-O 12. Rd1 Be7 13. exf4 bxc6 14. Ne5
Bb7 15. Be2 Nd5 16. g3 Rad8 17. Qc2 f6 18. Nec4 Qc7 19. O-O Rfe8 20. Bf3 c5 21.
Rfe1 Ba8 22. Re6 Nxf4 23. gxf4 Bxf3 24. Nxf3 Qxf4 25. Ne3 Rxd1+ 26. Qxd1 Rd8
27. Qe2 Rd7 28. Qc4 Qxc4 29. Nxc4 Kf7 30. Re2 Rd1+ 31. Re1 Rd5 32. Kf1 g5 33.
h3 h5 34. Ne3 Rd3 35. Ke2 Rb3 36. Nc4 f5 37. Rg1 g4 38. hxg4 fxg4 39. Nfe5+ Kf6
40. Rg3 Rxg3 41. fxg3 Bd8 42. Nd3 Be7 43. Nf4 Kg5 44. Ke3 Bf6 45. Ne6+ Kf5 46.
Nxc5 h4 47. gxh4 Bxh4 48. Ne4 Bd8 49. Ned6+ Ke6 50. Nb5 Kd5 51. Kd3 a6 52. Nc3+
Ke6 53. Ke4 Bc7 54. Ne3 g3 55. Ncd5 Bb8 56. Nb4 Be5 57. Nd3 Bd6 58. b4 Kd7 59.
Nc5+ Kc6 60. Nxa6 Kb5 61. Nc5 Bxc5 62. bxc5 Kxc5 63. Kf3 Kb5 64. Kxg3 Ka6 65.
Kf4 Ka7 66. Ke5 Ka6 67. Kd5 Ka7 68. Kc6 Ka8 69. Kb6 Kb8 70. Nd5 1-0

[Event "Liga Madrileña - DH 2014-2015"]
[Site "Madrid ESP"]
[Date "2015.01.24"]
[Round "7.33"]
[White "Alarcia Astiz, Carlos"]
[Black "Gonzalez Rivera, Eduardo"]
[Result "1-0"]
[WhiteElo "2337"]
[BlackElo "2092"]
[PlyCount "79"]
[EventDate "2014.11.23"]
[EventType "team-tourn"]
[EventRounds "14"]
[EventCountry "ESP"]
[Source "lmi"]
[SourceDate "2014.11.23"]
[WhiteTeam "Blanco y Negro"]
[BlackTeam "Moratalaz"]
[WhiteTeamCountry "ESP"]
[BlackTeamCountry "ESP"]

1. e4 e5 2. Nf3 Nc6 3. Bc4 Nf6 4. d3 Bc5 5. O-O d6 6. c3 h6 7. b4 Bb6 8. a4 a6
9. a5 Ba7 10. Qb3 Qe7 11. Be3 O-O 12. Nbd2 Be6 13. h3 g5 14. Bxa7 Rxa7 15. Rfe1
Nh5 16. d4 Bxc4 17. Nxc4 Nf4 18. d5 Nb8 19. Ne3 Nd7 20. Nf5 Qf6 21. c4 Rb8 22.
Nh2 h5 23. Nf3 Kh7 24. Kh2 Rg8 25. g3 Nxh3 26. Kxh3 g4+ 27. Kg2 gxf3+ 28. Qxf3
Qg5 29. Rh1 Nf6 30. Rh4 Rh8 31. c5 dxc5 32. bxc5 Raa8 33. Rb1 Rab8 34. d6 cxd6
35. Nxd6 Rhg8 36. Qf5+ Qxf5 37. exf5 Nd7 38. Rxh5+ Kg7 39. Rg5+ Kf6 40. Ne4+
1-0

[Event "Liga Madrileña - DH 2014-2015"]
[Site "Madrid ESP"]
[Date "2015.01.24"]
[Round "7.34"]
[White "Cortes Jurado, Rafael"]
[Black "Renteria Becerra, Jorge Elicer"]
[Result "0-1"]
[WhiteElo "2058"]
[BlackElo "2253"]
[PlyCount "112"]
[EventDate "2014.11.23"]
[EventType "team-tourn"]
[EventRounds "14"]
[EventCountry "ESP"]
[Source "lmi"]
[SourceDate "2014.11.23"]
[WhiteTeam "Moratalaz"]
[BlackTeam "Blanco y Negro"]
[WhiteTeamCountry "ESP"]
[BlackTeamCountry "ESP"]

1. d4 Nf6 2. c4 c5 3. d5 b5 4. cxb5 a6 5. f3 axb5 6. e4 Qa5+ 7. Bd2 b4 8. Na3
e6 9. Nc4 Qd8 10. dxe6 dxe6 11. a3 Nc6 12. axb4 Rxa1 13. Qxa1 Nxb4 14. Bxb4
cxb4 15. Qa8 Be7 16. e5 Nd7 17. Bd3 O-O 18. Ne2 Nc5 19. Bb1 Nd3+ 20. Bxd3 Qxd3
21. Qe4 Qxe4 22. fxe4 Bb7 23. Ng3 Ba6 24. Nd6 f6 25. Kd2 fxe5 26. Ra1 Ra8 27.
Nc8 Bc5 28. Ra5 Rxc8 29. Rxa6 Bd4 30. Rxe6 Bxb2 31. Nf5 Bc3+ 32. Kc2 Rd8 33. g4
Rd2+ 34. Kb3 Rxh2 35. Re8+ Kf7 36. Re7+ Kf6 37. Rxg7 Bd2 38. Rd7 Rh3+ 39. Kc2
Bf4 40. Kb2 b3 41. Rb7 Bd2 42. Rxb3 Rxb3+ 43. Kxb3 Kg5 44. Kc2 Bb4 45. Kd3 Kxg4
46. Ke2 Bc5 47. Nh6+ Kg3 48. Nf7 Bd4 49. Nh6 Kg2 50. Nf5 Bf2 51. Nh6 Bg3 52.
Ng4 h5 53. Ne3+ Kg1 54. Kf3 Bf2 55. Nf5 h4 56. Kg4 Kg2 0-1

[Event "Liga Madrileña - DH 2014-2015"]
[Site "Madrid ESP"]
[Date "2015.01.24"]
[Round "7.35"]
[White "Rivas Vila, David"]
[Black "Mansilla Tolosa, Luis Eduardo"]
[Result "1-0"]
[WhiteElo "2204"]
[BlackElo "2053"]
[PlyCount "59"]
[EventDate "2014.11.23"]
[EventType "team-tourn"]
[EventRounds "14"]
[EventCountry "ESP"]
[Source "lmi"]
[SourceDate "2014.11.23"]
[WhiteTeam "Blanco y Negro"]
[BlackTeam "Moratalaz"]
[WhiteTeamCountry "ESP"]
[BlackTeamCountry "ESP"]

1. e4 c5 2. Nc3 d6 3. Nge2 Nf6 4. g3 Bg4 5. Bg2 Qd7 6. h3 Bh5 7. g4 Bg6 8. f4
h6 9. e5 dxe5 10. fxe5 Ng8 11. Nf4 Nc6 12. e6 Qd6 13. O-O Nf6 14. Nb5 Qd8 15.
Nxg6 fxg6 16. Qf3 Qb6 17. c4 Nd8 18. Re1 Rc8 19. Qd3 Nxe6 20. Qxg6+ Kd8 21.
Qd3+ Nd4 22. b4 e6 23. Bb2 Ke8 24. Nxd4 cxd4 25. Bxd4 Qxb4 26. Rxe6+ Kf7 27.
Bxf6 Bc5+ 28. Kh1 gxf6 29. Qd7+ Be7 30. Bd5 1-0

[Event "Liga Madrileña - DH 2014-2015"]
[Site "Madrid ESP"]
[Date "2015.01.24"]
[Round "7.36"]
[White "Cobo Diego, Fidel"]
[Black "Garrido Olivares, Ricard"]
[Result "1-0"]
[WhiteElo "2035"]
[BlackElo "2181"]
[PlyCount "89"]
[EventDate "2014.11.23"]
[EventType "team-tourn"]
[EventRounds "14"]
[EventCountry "ESP"]
[Source "lmi"]
[SourceDate "2014.11.23"]
[WhiteTeam "Moratalaz"]
[BlackTeam "Blanco y Negro"]
[WhiteTeamCountry "ESP"]
[BlackTeamCountry "ESP"]

1. e4 c6 2. d4 d5 3. e5 Bf5 4. Be3 e6 5. c3 Nd7 6. Nd2 Ne7 7. f4 h5 8. Ngf3 Bg4
9. Be2 Nf5 10. Bf2 Be7 11. h3 Bxf3 12. Nxf3 Kf8 13. Bd3 g6 14. Qe2 c5 15. O-O
h4 16. Rad1 Kg7 17. Bb1 c4 18. Nh2 b5 19. Qg4 Nh6 20. Qe2 a5 21. Ng4 Nf5 22.
Ne3 Nxe3 23. Bxe3 Qg8 24. Rf2 Qh7 25. Rdf1 Qh5 26. Qd2 Kf8 27. Qe1 Rh7 28. Bc2
Rg7 29. Qd2 Kg8 30. Bd1 Qh7 31. Bg4 Nb6 32. b3 Kh8 33. Qe2 Qg8 34. Rb1 Qe8 35.
Qd2 Qc6 36. Rbf1 Rc8 37. f5 gxf5 38. Bxf5 exf5 39. Rxf5 Qg6 40. Bh6 Rh7 41. Bg5
Bxg5 42. Rxg5 Qd3 43. Qf4 Rc6 44. e6 f5 45. Qe5+ 1-0

[Event "Liga Madrileña - DH 2014-2015"]
[Site "Madrid ESP"]
[Date "2015.01.24"]
[Round "7.41"]
[White "Granda Zuniga, Julio E"]
[Black "Anton Guijarro, David"]
[Result "1-0"]
[WhiteElo "2654"]
[BlackElo "2607"]
[PlyCount "83"]
[EventDate "2014.11.23"]
[EventType "team-tourn"]
[EventRounds "14"]
[EventCountry "ESP"]
[Source "lmi"]
[SourceDate "2014.11.23"]
[WhiteTeam "Collado Villalba"]
[BlackTeam "Virgen de Atocha"]
[WhiteTeamCountry "ESP"]
[BlackTeamCountry "ESP"]

1. d4 f5 2. e3 Nf6 3. Bc4 e6 4. Ne2 d5 5. Bb3 Bd6 6. c4 c6 7. Nd2 O-O 8. O-O b6
9. Nf3 Ba6 10. Qc2 Nbd7 11. Nf4 Re8 12. Bd2 Rc8 13. Rfc1 Ne4 14. Qd1 g5 15. Nd3
g4 16. Nfe1 Rf8 17. Bb4 Nxf2 18. Kxf2 Qh4+ 19. Ke2 c5 20. cxd5 e5 21. Bc4 Bxc4
22. Rxc4 e4 23. Nf4 Bxf4 24. exf4 e3 25. dxc5 Qf2+ 26. Kd3 bxc5 27. Ba5 Qxb2
28. Rb1 Qa3+ 29. Bc3 Nb6 30. Qb3 Qa6 31. d6 Rf7 32. Be5 Kf8 33. Nc2 e2 34. Ne3
Rb7 35. Kxe2 Rcb8 36. Qb5 Qxb5 37. Rxb5 Nxc4 38. Rxb7 Rxb7 39. Nxc4 Kf7 40. Bc3
Ke6 41. Ba5 Kd5 42. Bc7 1-0

[Event "Liga Madrileña - DH 2014-2015"]
[Site "Madrid ESP"]
[Date "2015.01.24"]
[Round "7.42"]
[White "Almagro Llamas, Pablo"]
[Black "Vazquez Igarza, Renier"]
[Result "1/2-1/2"]
[WhiteElo "2487"]
[BlackElo "2597"]
[PlyCount "121"]
[EventDate "2014.11.23"]
[EventType "team-tourn"]
[EventRounds "14"]
[EventCountry "ESP"]
[Source "lmi"]
[SourceDate "2014.11.23"]
[WhiteTeam "Virgen de Atocha"]
[BlackTeam "Collado Villalba"]
[WhiteTeamCountry "ESP"]
[BlackTeamCountry "ESP"]

1. d4 Nf6 2. Nf3 e6 3. e3 c5 4. c4 d5 5. Nc3 a6 6. a3 Nc6 7. Bd3 dxc4 8. Bxc4
Be7 9. O-O b5 10. Ba2 Bb7 11. Qe2 cxd4 12. Rd1 d3 13. Rxd3 Qc7 14. e4 O-O 15.
e5 Nd7 16. Bf4 Nc5 17. Re3 b4 18. axb4 Nxb4 19. Bb1 Qc6 20. Ne1 g6 21. h4 Nb3
22. Be4 Qc7 23. Rd1 Rad8 24. Rd6 Nd4 25. Qd1 Nf5 26. Bxf5 exf5 27. Qb3 a5 28.
Nb5 Qc5 29. Rxd8 Bxd8 30. Nd6 Bd5 31. Qc3 Qxc3 32. bxc3 Bb6 33. cxb4 Bxe3 34.
Bxe3 axb4 35. Nd3 b3 36. Bd4 Ra8 37. Nb2 f4 38. Nb5 Bc6 39. Nc3 Rd8 40. Bc5 Rd2
41. Ba3 Rc2 42. Ncd1 Re2 43. Kh2 h6 44. Bd6 g5 45. hxg5 hxg5 46. Kh3 Kh7 47. g3
f3 48. g4 Re1 49. Kh2 Kg6 50. Bb4 Re4 51. Bc3 Bd7 52. Kg3 Bxg4 53. Ne3 Bh5 54.
Nbc4 Rh4 55. Nd2 Ra4 56. Nec4 Kf5 57. Nd6+ Ke6 58. N6e4 Kf5 59. Nd6+ Ke6 60.
N6e4 Kf5 61. Nd6+ 1/2-1/2

[Event "Liga Madrileña - DH 2014-2015"]
[Site "Madrid ESP"]
[Date "2015.01.24"]
[Round "7.44"]
[White "Martinez Martin, David"]
[Black "Moreno Ruiz, Javier"]
[Result "1/2-1/2"]
[WhiteElo "2407"]
[BlackElo "2470"]
[PlyCount "65"]
[EventDate "2014.11.23"]
[EventType "team-tourn"]
[EventRounds "14"]
[EventCountry "ESP"]
[Source "lmi"]
[SourceDate "2014.11.23"]
[WhiteTeam "Virgen de Atocha"]
[BlackTeam "Collado Villalba"]
[WhiteTeamCountry "ESP"]
[BlackTeamCountry "ESP"]

1. Nf3 Nf6 2. g3 d5 3. Bg2 e6 4. O-O Be7 5. c4 d4 6. e3 Nc6 7. exd4 Nxd4 8.
Nxd4 Qxd4 9. d3 O-O 10. Nc3 e5 11. Be3 Qd8 12. Nd5 Nxd5 13. cxd5 Bd6 14. d4 Re8
15. dxe5 Bxe5 16. Bd4 Qd6 17. Re1 Bd7 18. Bxe5 Rxe5 19. Qd4 Rxe1+ 20. Rxe1 b6
21. Qc3 Re8 22. Rxe8+ Bxe8 23. b4 Bd7 24. a3 h6 25. f4 Kf8 26. Kf2 f6 27. Ke3
Ke7 28. Bf3 Kd8 29. Qd4 a5 30. Qe4 axb4 31. axb4 Qe7 32. Qxe7+ Kxe7 33. Kd4
1/2-1/2

[Event "Liga Madrileña - DH 2014-2015"]
[Site "Madrid ESP"]
[Date "2015.01.24"]
[Round "7.45"]
[White "Ortega Ruiz, Jose Miguel"]
[Black "Congiu, Mathilde"]
[Result "0-1"]
[WhiteElo "2339"]
[BlackElo "2317"]
[PlyCount "48"]
[EventDate "2014.11.23"]
[EventType "team-tourn"]
[EventRounds "14"]
[EventCountry "ESP"]
[Source "lmi"]
[SourceDate "2014.11.23"]
[WhiteTeam "Collado Villalba"]
[BlackTeam "Virgen de Atocha"]
[WhiteTeamCountry "ESP"]
[BlackTeamCountry "ESP"]

1. d4 Nf6 2. c4 g6 3. Nc3 Bg7 4. e4 d6 5. Nf3 O-O 6. Be2 Nbd7 7. O-O e5 8. dxe5
dxe5 9. Be3 c6 10. b4 Qe7 11. Qb3 Re8 12. Rad1 h6 13. c5 Nh5 14. Nd2 Nf4 15.
Nc4 Qg5 16. Bf3 Nf6 17. Nd6 Be6 18. Qc2 Bg4 19. Bxg4 Nxg4 20. Bxf4 exf4 21.
Nxe8 Nxh2 22. Qd3 f3 23. g3 Qh5 24. Ne2 Ng4 0-1

[Event "Liga Madrileña - DH 2014-2015"]
[Site "Madrid ESP"]
[Date "2015.01.24"]
[Round "7.46"]
[White "Fernandez Barrera, Victor"]
[Black "Martinez Rodriguez, Pablo"]
[Result "1/2-1/2"]
[WhiteElo "2261"]
[BlackElo "2281"]
[PlyCount "44"]
[EventDate "2014.11.23"]
[EventType "team-tourn"]
[EventRounds "14"]
[EventCountry "ESP"]
[Source "lmi"]
[SourceDate "2014.11.23"]
[WhiteTeam "Virgen de Atocha"]
[BlackTeam "Collado Villalba"]
[WhiteTeamCountry "ESP"]
[BlackTeamCountry "ESP"]

1. e4 e5 2. Nf3 Nc6 3. Bb5 Bc5 4. O-O Nd4 5. Nxd4 Bxd4 6. c3 Bb6 7. d4 c6 8.
Bc4 d6 9. dxe5 dxe5 10. Qh5 Qe7 11. Bg5 Nf6 12. Qh4 Be6 13. Nd2 O-O-O 14. b3 h6
15. Bxf6 Qxf6 16. Qxf6 gxf6 17. Rad1 Bg4 18. Nf3 Bxf3 19. gxf3 Rhg8+ 20. Kh1
Rxd1 21. Rxd1 Bxf2 22. Bxf7 Rd8 1/2-1/2

[Event "Liga Madrileña - DH 2014-2015"]
[Site "Madrid ESP"]
[Date "2015.02.01"]
[Round "8.12"]
[White "Rubio Mejia, Luis Ignacio"]
[Black "Perez Gonzalez, Jose Manuel"]
[Result "1/2-1/2"]
[WhiteElo "2453"]
[BlackElo "2349"]
[PlyCount "43"]
[EventDate "2014.11.23"]
[EventType "team-tourn"]
[EventRounds "14"]
[EventCountry "ESP"]
[Source "lmi"]
[SourceDate "2014.11.23"]
[WhiteTeam "Virgen de Atocha"]
[BlackTeam "Liberty Chess"]
[WhiteTeamCountry "ESP"]
[BlackTeamCountry "ESP"]

1. d4 g6 2. c4 Bg7 3. Nc3 d6 4. Nf3 Nf6 5. e4 O-O 6. Be2 c5 7. d5 b5 8. cxb5 a6
9. a4 axb5 10. Bxb5 Ba6 11. Bxa6 Nxa6 12. O-O Nd7 13. Qe2 Qb6 14. Nd2 Nc7 15.
Ra3 Rfb8 16. h4 Qa6 17. Nb5 Nxb5 18. axb5 Qb7 19. Rxa8 Qxa8 20. Nb1 Qa2 21. Na3
Nb6 22. Rd1 1/2-1/2

[Event "Liga Madrileña - DH 2014-2015"]
[Site "Madrid ESP"]
[Date "2015.02.01"]
[Round "8.13"]
[White "Fernandez Garcia, Miguel Angel"]
[Black "Congiu, Mathilde"]
[Result "0-1"]
[WhiteElo "2341"]
[BlackElo "2317"]
[PlyCount "128"]
[EventDate "2014.11.23"]
[EventType "team-tourn"]
[EventRounds "14"]
[EventCountry "ESP"]
[Source "lmi"]
[SourceDate "2014.11.23"]
[WhiteTeam "Liberty Chess"]
[BlackTeam "Virgen de Atocha"]
[WhiteTeamCountry "ESP"]
[BlackTeamCountry "ESP"]

1. d4 Nf6 2. c4 g6 3. Nc3 Bg7 4. e4 d6 5. Bd3 Nc6 6. Nge2 e5 7. d5 Nd4 8. Nb5
O-O 9. O-O Nxe2+ 10. Qxe2 a6 11. Nc3 Nh5 12. g3 Qe8 13. b4 f5 14. f3 Rf7 15. a4
a5 16. bxa5 Rxa5 17. Ba3 f4 18. g4 Nf6 19. Bb4 Ra8 20. c5 Qd8 21. cxd6 cxd6 22.
Nb5 Ne8 23. Kh1 Bf8 24. a5 h5 25. gxh5 g5 26. Na3 Bh3 27. Rg1 Kh8 28. Nc4 g4
29. fxg4 f3 30. Qf2 Be7 31. Be1 Rf4 32. Nb6 Rb8 33. Bf1 Bxg4 34. Ra4 Nf6 35. h3
Bxh5 36. Qg3 Qf8 37. Bd2 Nxe4 38. Rxe4 Rxe4 39. Nd7 Bh4 40. Nxf8 Bxg3 41. Nd7
Rg8 42. Nf6 f2 43. Rxg3 Rxg3 44. Nxe4 Rg1+ 45. Kh2 Rxf1 46. Kg2 Re1 47. Nxf2
Re2 48. Bb4 e4 49. Kf1 Bf3 50. Bxd6 Kg8 51. Bf4 Ra2 52. Ng4 Rxa5 53. Ne3 Kf7
54. Kf2 b5 55. Bc7 Ra2+ 56. Kg3 b4 57. Nc4 Ke8 58. d6 Be2 59. Ne5 Bb5 60. Ng4
b3 61. Nf6+ Kf7 62. Nxe4 b2 63. Nd2 Ra3+ 64. Kf4 Rd3 0-1

[Event "Liga Madrileña - DH 2014-2015"]
[Site "Madrid ESP"]
[Date "2015.02.01"]
[Round "8.14"]
[White "Vazquez Torres, Adrian"]
[Black "Gallardo Garcia, Andres"]
[Result "1/2-1/2"]
[WhiteElo "2198"]
[BlackElo "2329"]
[PlyCount "65"]
[EventDate "2014.11.23"]
[EventType "team-tourn"]
[EventRounds "14"]
[EventCountry "ESP"]
[Source "lmi"]
[SourceDate "2014.11.23"]
[WhiteTeam "Virgen de Atocha"]
[BlackTeam "Liberty Chess"]
[WhiteTeamCountry "ESP"]
[BlackTeamCountry "ESP"]

1. e4 c6 2. d4 d5 3. Nc3 dxe4 4. Nxe4 Nd7 5. Nf3 Ngf6 6. Ng3 e6 7. Bd3 c5 8. c3
Be7 9. O-O O-O 10. Qc2 b6 11. Ng5 h6 12. Nh7 Re8 13. Nxf6+ Nxf6 14. dxc5 Bxc5
15. Ne4 Qe7 16. Nxc5 Qxc5 17. Be3 Qc6 18. a4 Bb7 19. f3 Qc7 20. Bf2 e5 21. Rfe1
Bd5 22. c4 Rac8 23. Rac1 Qb7 24. Qb1 e4 25. cxd5 exd3 26. Rxc8 Rxc8 27. Qxd3
Qxd5 28. Qxd5 Nxd5 29. Rd1 f6 30. Kf1 Rd8 31. Rd2 Kf7 32. a5 bxa5 33. Bxa7
1/2-1/2

[Event "Liga Madrileña - DH 2014-2015"]
[Site "Madrid ESP"]
[Date "2015.02.01"]
[Round "8.15"]
[White "Paredes Sanchez, Juan Antonio"]
[Black "Plazuelo Pascual, Juan"]
[Result "0-1"]
[WhiteElo "2195"]
[BlackElo "2122"]
[PlyCount "60"]
[EventDate "2014.11.23"]
[EventType "team-tourn"]
[EventRounds "14"]
[EventCountry "ESP"]
[Source "lmi"]
[SourceDate "2014.11.23"]
[WhiteTeam "Liberty Chess"]
[BlackTeam "Virgen de Atocha"]
[WhiteTeamCountry "ESP"]
[BlackTeamCountry "ESP"]

1. e4 e6 2. d4 d5 3. Nc3 Nf6 4. Bg5 Bb4 5. e5 h6 6. Be3 Ne4 7. Qg4 g6 8. a3
Bxc3+ 9. bxc3 c5 10. Bd3 Nxc3 11. dxc5 Qa5 12. Bd2 Qxc5 13. Nf3 Nc6 14. O-O d4
15. Rfe1 Nd5 16. Rab1 a6 17. Qh4 Qe7 18. Bg5 Qxa3 19. Bxh6 Qe7 20. Qxe7+ Ndxe7
21. Bg5 Nd5 22. Nd2 Nc3 23. Rb3 b5 24. Bf6 Rg8 25. Ne4 Nxe4 26. Bxe4 Bb7 27.
Rd1 Kd7 28. c4 Na5 29. Rxd4+ Kc7 30. Bxb7 Nxb3 0-1

[Event "Liga Madrileña - DH 2014-2015"]
[Site "Madrid ESP"]
[Date "2015.02.01"]
[Round "8.16"]
[White "Perez de Aranda, Leonardo Ivan"]
[Black "Suarez Triguero, Jose Alfonso"]
[Result "1/2-1/2"]
[WhiteElo "2094"]
[BlackElo "2074"]
[PlyCount "65"]
[EventDate "2014.11.23"]
[EventType "team-tourn"]
[EventRounds "14"]
[EventCountry "ESP"]
[Source "lmi"]
[SourceDate "2014.11.23"]
[WhiteTeam "Virgen de Atocha"]
[BlackTeam "Liberty Chess"]
[WhiteTeamCountry "ESP"]
[BlackTeamCountry "ESP"]

1. Nf3 Nf6 2. g3 c5 3. Bg2 Nc6 4. O-O g6 5. c4 Bg7 6. d4 cxd4 7. Nxd4 O-O 8.
Nc3 Nxd4 9. Qxd4 d6 10. Qh4 Rb8 11. Bh6 Be6 12. Bxg7 Kxg7 13. Qd4 Qa5 14. Ne4
Qe5 15. Qxe5 dxe5 16. Nxf6 Kxf6 17. c5 Bc4 18. Rfd1 Rfc8 19. b4 Rc7 20. Rd2 Bb5
21. a4 Bc6 22. a5 Ke6 23. Rad1 a6 24. Bf1 Ba4 25. Ra1 Bb5 26. Bh3+ f5 27. e4
Kf6 28. exf5 gxf5 29. Rad1 Ba4 30. Rd8 Rcc8 31. Rxc8 Rxc8 32. Rd3 Bc6 33. f3
1/2-1/2

[Event "Liga Madrileña - DH 2014-2015"]
[Site "Madrid ESP"]
[Date "2015.02.01"]
[Round "8.21"]
[White "Arribas Lopez, Angel"]
[Black "Solaesa Navalpotro, Luis Julio"]
[Result "1-0"]
[WhiteElo "2537"]
[BlackElo "2251"]
[PlyCount "54"]
[EventDate "2014.11.23"]
[EventType "team-tourn"]
[EventRounds "14"]
[EventCountry "ESP"]
[Source "lmi"]
[SourceDate "2014.11.23"]
[WhiteTeam "Collado Villalba"]
[BlackTeam "Moratalaz"]
[WhiteTeamCountry "ESP"]
[BlackTeamCountry "ESP"]

1. e4 c6 2. Nc3 d5 3. Nf3 Nf6 4. e5 Ne4 5. Be2 e6 6. O-O Be7 7. Nb1 f6 8. d3
Nc5 9. exf6 Bxf6 10. d4 Ne4 11. Bd3 O-O 12. Re1 c5 13. c3 cxd4 14. cxd4 Nd6 15.
Ne5 Nf5 16. Bxf5 exf5 17. Nc3 Nc6 18. Bf4 Ne7 19. Nd3 Bxd4 20. Nb5 Bb6 21. Bg5
Re8 22. Qe2 Qd7 23. Nf4 Bd8 24. Rad1 a6 25. Rxd5 Nxd5 26. Qxe8+ Qxe8 27. Rxe8+
Kf7 1-0

[Event "Liga Madrileña - DH 2014-2015"]
[Site "Madrid ESP"]
[Date "2015.02.01"]
[Round "8.22"]
[White "Fraga Castro, Jose Carlos"]
[Black "Moreno Ruiz, Javier"]
[Result "1/2-1/2"]
[WhiteElo "2174"]
[BlackElo "2470"]
[PlyCount "71"]
[EventDate "2014.11.23"]
[EventType "team-tourn"]
[EventRounds "14"]
[EventCountry "ESP"]
[Source "lmi"]
[SourceDate "2014.11.23"]
[WhiteTeam "Moratalaz"]
[BlackTeam "Collado Villalba"]
[WhiteTeamCountry "ESP"]
[BlackTeamCountry "ESP"]

1. b3 c5 2. Bb2 Nc6 3. e4 d6 4. f4 Nf6 5. Nc3 g6 6. Nf3 Bg7 7. d3 O-O 8. g3 Bg4
9. Bg2 Nd4 10. h3 Bxf3 11. Bxf3 Nd7 12. Bg2 Qa5 13. Qd2 Rab8 14. a4 a6 15. O-O
e6 16. Kh2 f5 17. Rad1 b5 18. axb5 axb5 19. Ra1 Qc7 20. exf5 gxf5 21. Ra2 Nf6
22. Rfa1 Qf7 23. Ne2 Qg6 24. Nxd4 cxd4 25. Qf2 e5 26. Ra7 Rbc8 27. R1a6 Nh5 28.
fxe5 Bxe5 29. Bd5+ Kh8 30. Bxd4 Rxc2 31. Bxe5+ dxe5 32. Qxc2 Qxg3+ 33. Kh1 Qe1+
34. Kh2 Qg3+ 35. Kh1 Qe1+ 36. Kh2 1/2-1/2

[Event "Liga Madrileña - DH 2014-2015"]
[Site "Madrid ESP"]
[Date "2015.02.01"]
[Round "8.23"]
[White "Ortega Ruiz, Jose Miguel"]
[Black "Gonzalez Rivera, Eduardo"]
[Result "1-0"]
[WhiteElo "2339"]
[BlackElo "2092"]
[PlyCount "61"]
[EventDate "2014.11.23"]
[EventType "team-tourn"]
[EventRounds "14"]
[EventCountry "ESP"]
[Source "lmi"]
[SourceDate "2014.11.23"]
[WhiteTeam "Collado Villalba"]
[BlackTeam "Moratalaz"]
[WhiteTeamCountry "ESP"]
[BlackTeamCountry "ESP"]

1. d4 Nf6 2. c4 g6 3. Nc3 d5 4. Bf4 Bg7 5. e3 O-O 6. Rc1 c6 7. Nf3 Bf5 8. Qb3
Qb6 9. Qxb6 axb6 10. cxd5 Nxd5 11. Nxd5 cxd5 12. a3 Bd7 13. Be2 Na6 14. Kd2
Rfc8 15. Rc3 Rc6 16. Rhc1 Rac8 17. Rxc6 Rxc6 18. Rxc6 Bxc6 19. Bxa6 bxa6 20.
Bc7 b5 21. Kc3 Kf8 22. Kb4 Bb7 23. Kc5 Ke8 24. Kb6 Bc8 25. Nd2 e6 26. Kc6 f6
27. Nb3 e5 28. Nc5 exd4 29. exd4 Bf8 30. Bd6 Bh6 31. f4 1-0